| 000 | 01197cam a22003493a 4500 | ||
|---|---|---|---|
| 001 | 22093 | ||
| 003 | PGUSA | ||
| 005 | 20140828083454.0 | ||
| 008 | 070717s2007||||xxu|||||s|||||000 | eng d | ||
| 040 |
_aPGUSA _beng |
||
| 042 | _adc | ||
| 050 | 4 | _aPT | |
| 100 | 1 |
_aSnorri Sturluson, _d-1241 |
|
| 245 | 1 | 4 |
_aThe Sagas of Olaf Tryggvason and of Harald The Tyrant (Harald Haardraade) _h[electronic resource] / _cSnorri Sturluson |
| 260 |
_bProject Gutenberg, _c2007 |
||
| 506 | _aPublic domain in the USA. | ||
| 516 | _aElectronic text | ||
| 653 | _aHarald III Harðráði, King of Norway, 1015-1066 | ||
| 653 | _aOlav I Trygveson, King of Norway, 968-1000 | ||
| 653 | _aSagas -- Translations into English | ||
| 700 | 1 |
_aEgedius, Halfdan, _d1878-1899 |
|
| 700 | 1 |
_aKrogh, Christian, _d1852- |
|
| 700 | 1 |
_aStorm, Gustav, _d1845-1903 |
|
| 700 | 1 |
_aMunthe, Gerhard, _d1849-1929 |
|
| 700 | 1 | _aHearn, Ethel Harriet | |
| 700 | 1 |
_aPeterssen, Hjalmar Eilif Emanuel, _d1852-1928 |
|
| 700 | 1 |
_aWerenskiold, Erik Theodor, _d1855-1938 |
|
| 700 | 1 |
_aWetlesen, Wilhelm Laurits, _d1871-1925 |
|
| 830 | 0 |
_aProject Gutenberg _v22093 |
|
| 856 | 4 | 0 | _uhttp://www.gutenberg.org/ebooks/22093 |
| 942 | _cEB | ||
| 999 |
_c251348 _d251348 |
||